000
00237nam a2200097 a 4500
005
20200929162420.0
008
091016s1991 000 spa d
245
0
_a
Premios teatro 1989.
260
_a
Santo Domingo,
_c
1991.
999
_c
11020
_d
11020
040
_a
DO-SdBNP